01338nam a2200325Ia 4500001001200000003000800012006001900020007001500039008004100054010001700095020004300112020004000155020001800195040002100213035002100234050002500255082001900280100002400299245013600323260004800459300002600507504006600533533015200599650004300751650002900794655002900823710001700852856012600869999001700995ebr10687910CaPaEBRm u cr cn|||||||||110527s2012 ctua sb 001 0 eng d z 2011022872 z9780300171938 (hardcover : alk. paper) z0300171935 (hardcover : alk. paper) z9780300177954 aCaPaEBRcCaPaEBR a(OCoLC)84226238014aML3795b.F548 2012eb04a784.2068/12231 aFlanagan, Robert J.14aThe perilous life of symphony orchestrash[electronic resource] :bartistic triumphs and economic challenges /cRobert J. Flanagan. aNew Haven :bYale University Press,cc2012. aviii, 224 p. :bill.  aIncludes bibliographical references (p. [213]-218) and index. aElectronic reproduction.bPalo Alto, Calif. :cebrary,d2013.nAvailable via World Wide Web.nAccess may be limited to ebrary affiliated libraries. 0aSymphony orchestrasxEconomic aspects. 0aMusicxEconomic aspects. 7aElectronic books.2local2 aebrary, Inc.40uhttp://site.ebrary.com/lib/rucke/Doc?id=10687910zAn electronic book accessible through the World Wide Web; click to view c12075d12075